The washer of the dead : (Record no. 4982)

MARC details
000 -LEADER
fixed length control field 00868cam a2200181 4500
001 - CONTROL NUMBER
control field 5898
005 - DATE AND TIME OF LATEST TRANSACTION
control field 20181127180517.0
008 - FIXED-LENGTH DATA ELEMENTS--GENERAL INFORMATION
fixed length control field 100514s2010 ii g 000 j eng d
010 ## - LIBRARY OF CONGRESS CONTROL NUMBER
LC control number 2010308159
020 ## - INTERNATIONAL STANDARD BOOK NUMBER
International Standard Book Number 978189884611
100 1# - MAIN ENTRY--PERSONAL NAME
Personal name Coelho, Venita.
245 14 - TITLE STATEMENT
Title The washer of the dead :
Remainder of title a collection of ghost stories /
Statement of responsibility, etc. Venita Coelho.
260 ## - PUBLICATION, DISTRIBUTION, ETC.
Place of publication, distribution, etc. New Delhi, India :
Name of publisher, distributor, etc. Zubaan :
-- Penguin Books India,
Date of publication, distribution, etc. 2010.
300 ## - PHYSICAL DESCRIPTION
Extent vi, 136 p. ;
Dimensions 20 cm.
505 0# - FORMATTED CONTENTS NOTE
Formatted contents note Do you believe in ghosts -- The ghost who fell in love -- The ghost next door -- The wind-haunted village -- The special girl -- Spirits of silence -- Kanikha -- Possession -- Ave maria -- The exorcism -- The washer of the dead -- Jhok -- The naked ghost -- Child crying -- Long distance -- Sealed -- The sleepers.
650 #0 - SUBJECT ADDED ENTRY--TOPICAL TERM
Topical term or geographic name entry element Ghost stories, Indic (English)
655 #0 - INDEX TERM--GENRE/FORM
Genre/form data or focus term Ghost stories, Indic (English)
Holdings
Withdrawn status Lost status Source of classification or shelving scheme Damaged status Not for loan Collection code Home library Current library Shelving location Date acquired Serial Enumeration / chronology Inventory number Total Checkouts Total Renewals Full call number Barcode Date last seen Date last checked out Price effective from Koha item type
    Dewey Decimal Classification     Fiction RTC Library RTC Library Fiction 21/10/2021 9385 8 3 FIC 813.54 COE 30009397 04/11/2025 28/10/2025 27/11/2018 Fiction
Royal Thimphu College || All Right Reserved